|
|
|
|
| LEADER |
00940nam a2200241 a 4500 |
| 003 |
BD-DhAAL |
| 008 |
100502s1993 ilua j 001 0 eng d |
| 999 |
|
|
|c 8351
|d 8351
|
| 020 |
|
|
|a 0028005821
|
| 020 |
|
|
|a 0028240413
|
| 040 |
|
|
|a BD-DhAAL
|c BD-DhAAL
|
| 082 |
0 |
4 |
|a 510
|2 22
|
| 245 |
1 |
0 |
|a Mathematics :
|b applications and connections /
|n Course 1
|c [Kay Balch ... et al.].
|
| 260 |
|
|
|a Lake Forest, Ill. :
|b Glencoe,
|c c1993.
|
| 300 |
|
|
|a xx, 607 pages :
|b color illustrations ;
|c 26 cm.
|
| 504 |
|
|
|a Includes index. ndex.
|
| 541 |
1 |
|
|e 00011830
|
| 650 |
|
0 |
|a Mathematics
|v Juvenile literature.
|9 29115
|
| 650 |
|
0 |
|a Mathematics
|v Problems, exercises, etc.
|9 29116
|
| 700 |
1 |
|
|a Balch, Kay.
|9 29117
|
| 852 |
4 |
|
|a Ayesha Abed Library
|j General Shelf
|
| 942 |
|
|
|2 ddc
|c BK
|
| 952 |
|
|
|0 0
|1 4
|2 ddc
|4 0
|6 510_000000000000000_MAT
|7 0
|9 9659
|a BRACUL
|b BRACUL
|c GEN
|d 2010-05-02
|l 3
|m 8
|o 510 MAT
|p 3010011830
|r 2011-12-29
|s 2011-08-25
|t 1
|w 2010-05-02
|y BK
|x Koha Inventory 2020
|